书目信息 |
| 题名: |
天文星座观测
|
|
| 作者: | 贾尔斯·斯帕罗 著 | |
| 分册: | ||
| 出版信息: | 北京 人民邮电出版社 2017.9 |
|
| 页数: | 114页 | |
| 开本: | 23cm | |
| 丛书名: | 爱上科学 | |
| 单 册: | ||
| 中图分类: | P151-49 | |
| 科图分类: | ||
| 主题词: | 星座--普及读物 | |
| 电子资源: | ||
| ISBN: | 978-7-115-45744-8 | |
| 000 | 00972nam 2200253 450 | |
| 001 | 0400009196 | |
| 005 | 20171119104815.0 | |
| 010 | @a978-7-115-45744-8@dCNY79.00 | |
| 100 | @a20170820d2017 em y0chiy0110 ea | |
| 101 | 0 | @achi |
| 102 | @aCN@b110000 | |
| 105 | @ay z 000yy | |
| 106 | @ar | |
| 200 | 1 | @a天文星座观测@Atian wen xing zuo guan ce@f(英)贾尔斯·斯帕罗(GilesSparrow)著 |
| 210 | @a北京@c人民邮电出版社@d2017.9 | |
| 215 | @a114页@d23cm | |
| 225 | 2 | @a爱上科学 |
| 330 | @a本书的内容旨在对全天星座和夜空进行全方位解说,引领读者漫游88个星座,逐一认识其中的亮星,以及肉眼、双筒望远镜和其他类型望远镜的观测指导和攻略。对于观星爱好者,本书都能提供很重要的信息。本书不但可以供日常阅读,也适合带到观测现场进行参考。 | |
| 410 | 0 | @12001 @a爱上科学 |
| 606 | 0 | @a星座@x普及读物 |
| 690 | @aP151-49@v5 | |
| 701 | 1 | @c(英)@a贾尔斯·斯帕罗@Ajia er si · si pa luo@bS.@g(Giles Sparrow)@4著 |
| 801 | 0 | @aCN@b上海新华@c20171119 |
| 905 | @b1028587-91@dP151-49@e205@f5 | |
| 天文星座观测/(英)贾尔斯·斯帕罗(GilesSparrow)著.-北京:人民邮电出版社,2017.9 |
| 114页;23cm.-(爱上科学) |
| ISBN 978-7-115-45744-8:CNY79.00 |
| 本书的内容旨在对全天星座和夜空进行全方位解说,引领读者漫游88个星座,逐一认识其中的亮星,以及肉眼、双筒望远镜和其他类型望远镜的观测指导和攻略。对于观星爱好者,本书都能提供很重要的信息。本书不但可以供日常阅读,也适合带到观测现场进行参考。 |
| ● |
| 相关链接 |
|
|
|
|
正题名:天文星座观测
索取号:P151-49/205
 
预约/预借
| 序号 | 登录号 | 条形码 | 馆藏地/架位号 | 状态 | 备注 |
| 1 | 1028587 | 210285877 | 第二样本阅览室/ [索取号:P151-49/205] | 在馆 | |
| 2 | 1028588 | 210285886 | 密集书库-生命科学系/ [索取号:P151-49/205] | 在馆 | |
| 3 | 1028589 | 210285895 | 第三借阅区/ [索取号:P151-49/205] | 在馆 | |
| 4 | 1028590 | 210285902 | 第三借阅区/ [索取号:P151-49/205] | 在馆 | |
| 5 | 1028591 | 210285911 | 第三借阅区/ [索取号:P151-49/205] | 在馆 |